| 000 | 00414nam a2200169Ia 4500 | ||
|---|---|---|---|
| 003 | GCL | ||
| 008 | 140319s9999 xx 000 0 eng d | ||
| 040 |
_aGCL / _cGCL |
||
| 082 | 0 | 4 |
_a362 _bS H |
| 100 | 1 | _aSTANFERD, C .F. | |
| 245 | 1 | 0 |
_aHEALTH FOR THE FARMER / _cSTANFERD, C .F. |
| 260 |
_a[S.N] : _bFAMING PRESS BOOKS ، _c1991 |
||
| 300 | _a97 P | ||
| 650 | 0 | 4 | _aHEALTH |
| 650 | 0 | 4 | _aFARMERS |
| 942 |
_2ddc _cBK |
||
| 999 |
_c12076 _d12076 |
||